| 000 | 01012nas a2200349 4500 | ||
|---|---|---|---|
| 001 | BR2013004350 | ||
| 003 | BR-BrBNA | ||
| 005 | 20231205122452.0 | ||
| 007 | ta | ||
| 008 | 230509b bl.|||p| |||| 00| 00por d | ||
| 040 |
_aBR-BrBNA _bpor _cBiblioteca Nacional de Agricultura |
||
| 041 | _a(Pt) | ||
| 072 | _aL74 | ||
| 100 | 1 | _aCruz, A.C.F.G. | |
| 100 | 1 | _aMadruga, C.R.M. | |
| 100 | 1 | _aMallmann, C.A. | |
| 100 | 1 | _aMoreira, E.L.T. | |
| 100 | 1 | _aBotura, M.B.B. | |
| 100 | 1 | _aSilva, G.D.S. | |
| 100 | 1 | _aBatatinha, M.J.M. | |
| 245 | 1 | _aInvestigação do gene p53 de frangos expostos às aflatoxinas | |
| 650 | _aFRANGO DE CORTE | ||
| 650 | _aRAÇÃO | ||
| 650 | _aGENE | ||
| 650 | _aAFLATOXINA | ||
| 650 | _aDIETA | ||
| 650 | _aCONTAMINAÇÃO | ||
| 650 | _aELETROFORESE | ||
| 773 | 0 |
_tArquivo Brasileiro de Medicina Veterinária e Zootecnia (Brazil) _xISSN 0102-0935 _g(Dec 2012), v. 64(6) p. 1665-1672 _wBR2013004350 |
|
| 909 |
_a202311 _bLúcia _c55 _dLúcia Elande |
||
| 942 |
_2AGRIS _n0 _cANA |
||
| 999 |
_c228806 _d228806 |
||